000 00507nam a2200181 i 4500
001 41692
003 ES-MaACL
005 20230906160457.0
007 t|
008 030311s1968 sp ||||1| cat d
100 1 _aCassola, Carlo.
_936372
245 1 3 _aLa noia de Bube /
_cCarlo Cassola ; [traducció de Manuel Carbonell].
250 _a1ª ed.
260 _a[Barcelona :
_bEd. 62,
_c1962]
300 _a253 p. ;
_c20 cm.
700 1 _aCarbonell, Manuel.
_935050
852 _aES-MaACL
_jC-48550
_bR.65887
999 _c41692
_d41692